GASTROINTESTINAL PARASITES IN DOMESTIC CHICKEN AT AMPIL TEUK COMMUNE,KAMPONG TRALACH DISTRICT,KAMPONG CHHNANG PROVINCE,បរាសិតក្នុងប្រដាប់រំលាយអាហារមាន់នៅឃុំអំពិលទឹក ស្រុកកំពង់ត្រឡាច ខេត្តកំពង់ឆ្នាំង (Record no. 21673)

000 -LEADER
fixed length control field 00728nam a22001337a 4500
040 ## - CATALOGING SOURCE
Transcribing agency rua
082 ## - DEWEY DECIMAL CLASSIFICATION NUMBER
Classification number VEM NHE 2021 B1-602 Or.
100 ## - MAIN ENTRY--AUTHOR NAME
Personal name NHEM CHEN,ញ៉ែម ចិន
245 ## - TITLE STATEMENT
Title GASTROINTESTINAL PARASITES IN DOMESTIC CHICKEN AT AMPIL TEUK COMMUNE,KAMPONG TRALACH DISTRICT,KAMPONG CHHNANG PROVINCE,បរាសិតក្នុងប្រដាប់រំលាយអាហារមាន់នៅឃុំអំពិលទឹក ស្រុកកំពង់ត្រឡាច ខេត្តកំពង់ឆ្នាំង
260 ## - PUBLICATION, DISTRIBUTION, ETC. (IMPRINT)
Place of publication phnom penh
Name of publisher rua
Year of publication 2021
300 ## - PHYSICAL DESCRIPTION
Number of Pages ix.40p.
Other physical details ill.
Dimensions 29cm.
856 ## - ELECTRONIC LOCATION AND ACCESS
Uniform Resource Identifier https://drive.google.com/file/d/1PFCWl95d8AUAVhsQgUKgUOaJczDzYYTK/view?usp=sharing
942 ## - ADDED ENTRY ELEMENTS (KOHA)
Koha item type VEM
952 ## - LOCATION AND ITEM INFORMATION (KOHA)
Withdrawn status [LOCAL, KOHA] 0
952 ## - LOCATION AND ITEM INFORMATION (KOHA)
Withdrawn status [LOCAL, KOHA] 0
952 ## - LOCATION AND ITEM INFORMATION (KOHA)
Withdrawn status [LOCAL, KOHA] 0
952 ## - LOCATION AND ITEM INFORMATION (KOHA)
Withdrawn status [LOCAL, KOHA] 0
952 ## - LOCATION AND ITEM INFORMATION (KOHA)
Withdrawn status [LOCAL, KOHA] 0
952 ## - LOCATION AND ITEM INFORMATION (KOHA)
Withdrawn status [LOCAL, KOHA] 0
Holdings
Permanent Location Date acquired Koha item type Lost status Shelving location Barcode Current Location Full call number
Library Block B2023-08-19VEM B1.602a72018Library Block BVEM NHE 2021 B1-602 Or.
Library Block B2023-08-19VEM B1.602a71943Library Block BVEM NHE 2021 B1-602 Or.
Library Block B2023-08-19VEM B1.602a72038Library Block BVEM NHE 2021 B1-602 Or.
Library Block B2023-08-19VEM B1.602a71963Library Block BVEM NHE 2021 B1-602 Or.
Library Block B2023-08-19VEM B1.602a72201Library Block BVEM NHE 2021 B1-602 Or.
Library Block B2023-08-19VEM B1.602a72023Library Block BVEM NHE 2021 B1-602 Or.
មជ្ឈមណ្ឌលឯការនៃសាកលវិទ្យាល័យភូមិន្ទកសិកម្មចំការដូង

Powered by Koha